| 000 | 00858cab a2200265 4500 | ||
|---|---|---|---|
| 001 | WB3244-08 | ||
| 008 | 090401t1996 xxu||||| |||| 00| 0 eng d | ||
| 035 | _a(Sirsi) u56165 | ||
| 041 | _aeng | ||
| 245 | _aExchange amends property rules | ||
| 260 | _c1996 | ||
| 350 | _a0 | ||
| 490 |
_aFinancial Times _v16 November 1996, 4 |
||
| 490 |
_aProperty Week _v57(8) 22 November 1996, 13(1) |
||
| 520 | _aThe London Stock Exchange is to allow authorised property unit trusts and housing investment trusts to obtain listing without three years trading history. | ||
| 650 | _aAPUTS | ||
| 650 | _aAUTHORISED PROPERTY UNIT TRUSTS | ||
| 650 | _aHITS | ||
| 650 | _aHOUSING INVESTMENT TRUSTS | ||
| 650 | _aLISTED COMPANIES | ||
| 650 | _aLONDON STOCK EXCHANGE | ||
| 690 | _aPROPERTY-PROPERTY FINANCE AND INVESTMENT | ||
| 942 | _n0 | ||
| 948 | _c04/03/1997 | ||
| 999 |
_c34262 _d34262 |
||